00909nam a22001937a 4500003001700000005001700017008004100034020001800075040000700093041001200100082001600112100002200128245008600150260002900236300002500265365006200290520032800352650003500680St Aloysius Coll20260121150612.0260119b |||||||| |||| 00| 0 eng d a9781408868232 cAL aEnglish a158.2bMARI aAndrew G Marshall aI love you but im not in love with youb: seven steps to saving your relationship aLondonbBloomsburyc2015 a286p.bPBc17.5x13cm 2Generala5468b₹319.00c₹d₹399.00e20%f10/01/2026 aFrom his research Andrew has devised his own unique programme. By looking at how a couple communicate, argue, share love, take responsibility, give and learn he offers in seven steps a reassuring and empowering map for how two individuals can better understand themselves, strengthen their bond and recover that lost magic. 2PsychologyaApplied Psychology